| 000 | 00394 a2200121 4500 | ||
|---|---|---|---|
| 001 | ART_42010 | ||
| 005 | 20260410161815.0 | ||
| 008 | 260409a | ||
| 245 | 1 | 0 | _aAportes para la postergada deconstrucción de la enseñanza del derecho de familia |
| 100 | 1 | _aHerrera, Marisa | |
| 700 | 1 | _aSpaventa, Verónica | |
| 773 | 0 |
_tAcademia _g- Año 4, Nº 7 (ene./jun. 2006) _wREV4314 |
|
| 999 |
_c21800 _d21800 |
||